Statystyki dla Miasta w których zgasł Znicz Olimpiijski

Kliknij tutaj aby rozwiązać quiz!

Ogólne statystyki

  • Ten quiz został rozwiązany 16 razy
  • Średni wynik to 4 z 5

Statystyki odpowiedzi

RokMiastoPowód% Poprawnych
2004AtenyNagły, Porywisty Wiatr
93%
2012Londyn (Kanał La Manche)Podczas Przeprawy pontonowej
93%
2008Paryż (Znicz zmierzał do Pekinu)Oficjalnie: Problemy Techniczne/Powody Bezpieczeństwa (Zamieszki)
93%
2013Moskwa (Znicz zmierzał do Soczi)Po starcie sztafety do Soczi, na Placu Czerwonym w Moskwie, prawdopodobnie z powodu silnego wiatru
86%
1976MontrealUlewny Deszcz/Oberwanie Chmury
71%

Rozkład punktacji

Percentyl według liczby udzielonych odpowiedzi

Procent ludzi z każdym wynikiem

Twoja historia wyników

Nie rozwiązałeś tego quizu